[Event "London Twickenham U18 op 5th"]
[Site "London"]
[Date "2023.12.02"]
[Round "1"]
[White "Kapitanski, Furion"]
[Black "Lee, Yuk Hei"]
[Result "0-1"]
[WhiteElo "1074"]
[BlackElo "1487"]
[PlyCount "58"]
[EventDate "2023.12.02"]
[EventType "swiss"]
[EventRounds "5"]
[EventCountry "ENG"]
[SourceTitle "CB50_2023"]
[SourceDate "2023.12.13"]
[SourceVersion "1"]
[SourceVersionDate "2023.12.13"]
[SourceQuality "1"]

1. e4 e5 2. Nf3 Nc6 3. d4 exd4 4. Nxd4 Bc5 5. Be3 Qf6 6. Nxc6 Bxe3 7. fxe3 Qh4+ 8. g3 Qxe4 9. Rg1 Qxe3+ 10. Qe2 Qxe2+ 11. Bxe2 bxc6 12. Nc3 Nf6 13. 0-0-0 0-0 14. g4 d5 15. g5 Ne4 16. Nxe4 dxe4 17. h4 Be6 18. h5 Rad8 19. g6 Rxd1+ 20. Kxd1 fxg6 21. hxg6 hxg6 22. Rxg6 Rf6 23. Rg1 Kf7 24. Rg5 Bf5 25. Rg3 Rd6+ 26. Kc1 Kf6 27. Ra3 g5 28. Rxa7 g4 29. Rxc7 g3 0-1

[Event "London Twickenham U18 op 5th"]
[Site "London"]
[Date "2023.12.02"]
[Round "2"]
[White "Lee, Yuk Hei"]
[Black "Sengupta, Sohana"]
[Result "1-0"]
[WhiteElo "1487"]
[BlackElo "1249"]
[PlyCount "65"]
[EventDate "2023.12.02"]
[EventType "swiss"]
[EventRounds "5"]
[EventCountry "ENG"]
[SourceTitle "CB50_2023"]
[SourceDate "2023.12.13"]
[SourceVersion "1"]
[SourceVersionDate "2023.12.13"]
[SourceQuality "1"]

1. e4 c5 2. Nf3 Nc6 3. Bb5 g6 4. Bxc6 bxc6 5. d3 Bg7 6. 0-0 Nf6 7. Nc3 0-0 8. Be3 Qa5 9. Qd2 Re8 10. h3 d6 11. Bh6 Ba6 12. Bxg7 Kxg7 13. e5 dxe5 14. Nxe5 Qc7 15. f4 Qd6 16. Qe1 Rab8 17. Rb1 Rbc8 18. f5 Rf8 19. fxg6 fxg6 20. Nf3 Rce8 21. Ng5 e5 22. Nce4 Qd4+ 23. Kh2 Nxe4 24. Nxe4 Qd5 25. Qh4 h6 26. Nf6 Qd8 27. Nxe8+ Qxe8 28. Qe4 Bc8 29. Rxf8 Kxf8 30. Rf1+ Kg7 31. Re1 Qf8 32. Qxe5+ Kg8 33. Qe8 1-0